| 000 | 00642nam a22002057a 4500 | ||
|---|---|---|---|
| 003 | DO-CoUTE | ||
| 005 | 20230718130943.0 | ||
| 008 | 230718b dr ||||| |||| 00| 0 spa d | ||
| 020 | _a1-59388-027-8 | ||
| 040 |
_aDO-CoUTE _bspa _cDO-CoUTE |
||
| 082 |
_222 _a972.9 C264c 2004 |
||
| 100 | 1 |
_aCarbonell Cortina, Néstor _eautor |
|
| 245 | 1 | 0 |
_aLa Cuba terna: _bayer, hoy y mañana / _cNéstor Carbonell Cortina |
| 250 | _aPrimera edición | ||
| 260 |
_aMiami : _bEdiciones universal, _c2004 |
||
| 300 |
_a304 páginas : _c16x24cm |
||
| 504 | _aIncluye referencia bibliográfica e índice | ||
| 650 | 4 | _aHistoria cubana | |
| 942 |
_2ddc _cBK |
||
| 999 |
_c22927 _d22927 |
||